Statistics for African Capitals Without First or Last Letters Quiz #2

Click here to take the quiz!

General Stats

  • This quiz has been taken 30 times
  • The average score is 9 of 10

Answer Stats

African Capitals Without First or Last LettersFull African Capitals (and Countries)% Correct
ddi babAddis Ababa (Ethiopia)
100%
jiboutDjibouti (Djibouti)
100%
ampalKampala (Uganda)
97%
anjuBanjul (Gambia)
93%
aserMaseru (Lesotho)
93%
iameNiamey (Niger)
93%
ararHarare (Zimbabwe)
90%
anguBangui (Central African Republic)
86%
bidja | amoussoukrYamoussoukro (Ivory Coast)
83%
bidja | amoussoukrAbidjan (Ivory Coast)
76%

Score Distribution

Percentile by Number Answered

Percent of People with Each Score

Your Score History

You have not taken this quiz